Las sedes de la UNAL - Estadísticas

Estadísticas generales
  • Esta prueba ha sido intentada 12 veces
  • La puntuación promedio es 4 de 9
Estadísticas de respuestas
Tipo de sede Ciudad % Correcto
Sede Andina Bogotá
100%
Sede Andina Medellín
89%
Sede Andina Manizales
44%
Sede Andina Palmira
44%
Sede de Presencia Nacional San Andrés
44%
Sede Andina La Paz
33%
Sede de Presencia Nacional Leticia
33%
Sede de Presencia Nacional Tumaco
33%
Sede de Presencia Nacional Arauca
11%
No se encontraron pruebas coincidentes
Distribución de puntuación
Porcentaje de gente con cada puntuación
Porcentaje por número respondido
Historial de tus puntuaciones
No has intentado esta prueba.